=LDR 00000nam 2200000 4500 =001 INLIS000000000016329 =005 20130612111613 =008 ***********************************Ind** =035 ##$$0010-061300000016329 =041 ##$$a Ind =082 ##$$a 330.07 =090 ##$$a 330.07, Sia e =100 ##$$a Sianturi, L.T =245 ##$$a Ekonomi dan koperasi untuk SMP, kurikulum SMP yang disempurnakan tahun 1988 IPS, L. T. Sianturi, H. K.A. Mooyoto =260 ##$$a 1993 $b Jakarta =300 ##$$a ...jil., 21 cm =650 ##$$a Ekonomi =650 ##$$a Koperasi =700 ##$$a Mooyoto, H. K.A =850 ##$$a NBPNMAT